En busca de la excelencia (Registro nro. 2321)

Detalles MARC
000 -LEADER
fixed length control field 01277 a2200217 4500
001 - CONTROL NUMBER
control field 33012
005 - DATE AND TIME OF LATEST TRANSACTION
control field 20260407155625.0
008 - FIXED-LENGTH DATA ELEMENTS--GENERAL INFORMATION
fixed length control field 260407a1991 arg spa d
003 - CONTROL NUMBER IDENTIFIER
control field AR-UNSa-BCEJYS
040 ## - CATALOGING SOURCE
Original cataloging agency AR-UNSa-BCEJYS
Language of cataloging spa
Transcribing agency AR-UNSa-BCEJYS
080 ## - UNIVERSAL DECIMAL CLASSIFICATION NUMBER
Universal Decimal Classification number 658.01
Common auxiliary subdivision Metodología. Teoría y práctica de la organización( teoria de la organización, análisis organizacional...)
020 ## - INTERNATIONAL STANDARD BOOK NUMBER
International Standard Book Number 958-04-0381-3
100 1# - MAIN ENTRY--PERSONAL NAME
Personal name Peters, Thomas J.
245 10 - TITLE STATEMENT
Title En busca de la excelencia
Name of part/section of a work experiencias de las empresas mejor gerenciadas de los estados unidos
264 #1 - PRODUCTION, PUBLICATION, DISTRIBUTION, MANUFACTURE, AND COPYRIGHT NOTICE
Place of production, publication, distribution, manufacture Bogotá :
Name of producer, publisher, distributor, manufacturer Grupo Editorial Norma
Date of production, publication, distribution, manufacture, or copyright notice 1991
300 ## - PHYSICAL DESCRIPTION
Extent 340 p.
Dimensions 17 cm.
505 ## - FORMATTED CONTENTS NOTE
Formatted contents note I: lo que debe conservarse: 1. El éxito de algunas empresas norteamericanas - II: Hacia una nueva teoria : 2. El modelo racional - 3. Elhombre en espera dde motivación - III: 4. El manejo de la ambigüedad y la paradoja - 5. Predisposción para la acción - 6. Aceracmiento al cliente - 7. Autonomía y espíritu emnpresarial - 8. Productividad para el personal - 9. Movilización alrededor de un valor clave - 10. Zapatero, a tus zapatos - 11. Estructura simple, y poco personal - 12. Flexibilidad y rigor simultáneos.
590 ## - LOCAL NOTE (RLIN)
Local note niveau_biblio:m niveau_hierar:0
700 1# - ADDED ENTRY--PERSONAL NAME
Personal name Waterman, Robert H., Jr.
942 ## - ADDED ENTRY ELEMENTS (KOHA)
Koha item type
Existencias
Withdrawn status Lost status Damaged status Not for loan Home library Current library Shelving location Date acquired Total checkouts Full call number Barcode Date last seen Price effective from Koha item type
        Biblioteca Prof. Eusebio Cleto del Rey Biblioteca Prof. Eusebio Cleto del Rey   07/04/2026   658.01 P478 L53801 07/04/2026 07/04/2026 Libro